000 00924cam a2200205 4500
001 WS109705
008 000000n 000 0 eng u
035 _a(Sirsi) u109705
110 _aThe Thomas Partnership
_93978
245 4 _aThe Thomas Partnership
520 _aWeb site for this firm of surveyors who specialise in advice to landowners in relation to advertising hoardings and displays. Includes a glossary of terms, a page of frequently asked questions, and an article on the Town and Country Planning (Control of Advertisements) regulations 1992.
650 _aADVERTISING HOARDINGS
650 _aTOWN AND COUNTRY PLANNING (CONTROL OF ADVERTISEMENTS) REGULATIONS 1992
650 _aGLOSSARY
650 _aDEEMED CONSENT
650 _aValuation
_96273
690 _aPROPERTY
856 4 0 _uhttps://www.thethomaspartnership.com
_zView the website free of charge at www.thethomaspartnership.com...
942 _n0
999 _c119730
_d119730